Eastern Utah Libraries Catalog: Duchesne, Heber, Roosevelt, & Vernal

The connection cure : (Record no. 415579)

MARC details
000 -LEADER
fixed length control field 02548pam a2200421 i 4500
001 - CONTROL NUMBER
control field zcodcb b8455978
003 - CONTROL NUMBER IDENTIFIER
control field DLC
005 - DATE AND TIME OF LATEST TRANSACTION
control field 20260127102013.0
007 - PHYSICAL DESCRIPTION FIXED FIELD--GENERAL INFORMATION
fixed length control field t||
008 - FIXED-LENGTH DATA ELEMENTS--GENERAL INFORMATION
fixed length control field 240226s2024 nyu e b 000 0 eng
010 ## - LIBRARY OF CONGRESS CONTROL NUMBER
LC control number 2024011197
020 ## - INTERNATIONAL STANDARD BOOK NUMBER
International Standard Book Number 9781668030332
Qualifying information hardcover
020 ## - INTERNATIONAL STANDARD BOOK NUMBER
International Standard Book Number 9781668030349
Qualifying information trade paperback
020 ## - INTERNATIONAL STANDARD BOOK NUMBER
International Standard Book Number 1668030330
040 ## - CATALOGING SOURCE
Original cataloging agency DLC
Language of cataloging eng
Description conventions rda
Transcribing agency DLC
Modifying agency DLC
-- IMmBT
042 ## - AUTHENTICATION CODE
Authentication code pcc
082 ## - DEWEY DECIMAL CLASSIFICATION NUMBER
Classification number 610
092 ## - LOCALLY ASSIGNED DEWEY CALL NUMBER (OCLC)
Classification number general nonfiction
Item number 610 Hotz, Julia
100 1# - MAIN ENTRY--PERSONAL NAME
Personal name Hotz, Julia,
Relator term author.
Relator code aut.
9 (RLIN) 6559678
245 14 - TITLE STATEMENT
Title The connection cure :
Remainder of title the prescriptive power of movement, nature, art, service, and belonging /
Statement of responsibility, etc Julia Hotz.
250 ## - EDITION STATEMENT
Edition statement First Simon & Schuster hardcover edition.
264 #1 - Production, Publication, Distribution, Manufacture, and Copyright Notice.
Place of production, publication, distribution, manufacture New York :
Name of producer, publisher, distributor, manufacturer Simon & Schuster,
Date of production, publication, distribution, manufacture, or copyr 2024.
300 ## - PHYSICAL DESCRIPTION
Extent viii, 324 pages ;
Dimensions 24 cm.
336 ## - Content Type
Content type term text
337 ## - Media type
Media type term unmediated
338 ## - Carrier type
Carrier type term volume
504 ## - BIBLIOGRAPHY, ETC. NOTE
Bibliography, etc Includes bibliographical references (pages 263-324).
505 0# - FORMATTED CONTENTS NOTE
Formatted contents note Prologue: A "social prescription" -- The movement prescription -- The nature prescription -- The art prescription -- The service prescription -- The belonging prescription -- The birth of social prescribing : the United Kingdom -- Social prescribing in big countries : Canada and Australia -- Social prescribing in aging countries : Singapore and South Korea -- Social prescribing across a region : Portugal, the Netherlands, and the European Union -- Social prescribing in the land of pill prescribing : the United States of America -- Getting unstuck from our sadness through movement -- Restoring our attention through nature -- Creating a new story about our worries through art -- Lightening up through serving others -- Finding meaning by finding belonging -- Epilogue: The connection cure.
520 ## - SUMMARY, ETC.
Summary, etc "In this combination of diligent science reporting, moving patient success stories, and surprising self-discovery, journalist Julia Hotz helps us discover lasting and life-changing medicine in our own communities through the new practice of "social prescribing.""--
650 #0 - SUBJECT ADDED ENTRY--TOPICAL TERM
Topical term or geographic name as entry element Holistic medicine.
650 #0 - SUBJECT ADDED ENTRY--TOPICAL TERM
Topical term or geographic name as entry element Mind and body.
650 #0 - SUBJECT ADDED ENTRY--TOPICAL TERM
Topical term or geographic name as entry element Social interaction
General subdivision Health aspects.
9 (RLIN) 6555522
650 #0 - SUBJECT ADDED ENTRY--TOPICAL TERM
Topical term or geographic name as entry element Environmental health.
650 #0 - SUBJECT ADDED ENTRY--TOPICAL TERM
Topical term or geographic name as entry element Medicine and art.
9 (RLIN) 6559679
650 #0 - SUBJECT ADDED ENTRY--TOPICAL TERM
Topical term or geographic name as entry element Mechanotherapy.
9 (RLIN) 6559680
776 08 - ADDITIONAL PHYSICAL FORM ENTRY
Display text Online version:
Main entry heading Hotz, Julia.
Title Connection cure
Edition First Simon & Schuster hardcover edition.
Place, publisher, and date of publication New York : Simon & Schuster, 2024
International Standard Book Number 9781668030356
Record control number (DLC) 2024011198.
942 ## - ADDED ENTRY ELEMENTS (KOHA)
Source of classification or shelving scheme Dewey Decimal Classification
Koha item type BOOK
Holdings
Withdrawn status Lost status Source of classification or shelving scheme Damaged status Not for loan Collection code Home library Current library Shelving location Date acquired Source of acquisition Total Checkouts Total Renewals Full call number Barcode Checked out Date last seen Date checked out Cost, replacement price Price effective from Koha item type
    Dewey Decimal Classification     General NonFiction Wasatch County Library Wasatch County Library Second Floor 01/28/2026 Ingram 1 2 610 Hotz 34301002106229 04/10/2026 02/12/2026 02/12/2026 19.99 01/28/2026 BOOK
This project was made possible through a grant from the Institute of Museum and Library Service administered by the Utah State Library Division.

Wasatch County Library

  • 465 East 1200 South, Heber City, Utah 84032
  • Phone 435-654-1511 | Fax 435-654-6456

Hours

  • Monday - Friday 9:30 AM - 8:00 PM
  • Saturday 9:30 AM - 1:30 PM
  • Closed Sundays and Holidays